<?xml version="1.0" encoding="UTF-8"?>
<collection xmlns="http://www.loc.gov/MARC21/slim">
 <record>
  <leader>02253pam a22002898a 4500</leader>
  <controlfield tag="001">00045222</controlfield>
  <controlfield tag="005">20200624090637.0</controlfield>
  <controlfield tag="008">110721s2003                  ||||||Viesd</controlfield>
  <datafield tag="020" ind1="#" ind2="#">
   <subfield code="c">60000</subfield>
   <subfield code="a">9786049652677</subfield>
  </datafield>
  <datafield tag="041" ind1="0" ind2="#">
   <subfield code="a">Vie</subfield>
  </datafield>
  <datafield tag="082" ind1="1" ind2="4">
   <subfield code="a">796.340 71</subfield>
   <subfield code="b">GI108TR</subfield>
  </datafield>
  <datafield tag="100" ind1="#" ind2="#">
   <subfield code="a">Phạm Việt Thanh</subfield>
  </datafield>
  <datafield tag="245" ind1="0" ind2="0">
   <subfield code="a">Giáo trình bóng bàn</subfield>
   <subfield code="c">Phạm Việt Thanh (ch.b.); Nguyễn Quang Vinh, Nguyễn Quang Sơn, Tiêu Thanh Sang</subfield>
  </datafield>
  <datafield tag="260" ind1="#" ind2="#">
   <subfield code="a">Cần Thơ</subfield>
   <subfield code="b">Đại học Cần Thơ</subfield>
   <subfield code="c">2019</subfield>
  </datafield>
  <datafield tag="300" ind1="#" ind2="#">
   <subfield code="a">141 tr.</subfield>
   <subfield code="c">24 cm.</subfield>
  </datafield>
  <datafield tag="653" ind1="#" ind2="#">
   <subfield code="a">Bóng bàn</subfield>
  </datafield>
  <datafield tag="653" ind1="#" ind2="#">
   <subfield code="a">Giáo trình</subfield>
  </datafield>
  <datafield tag="653" ind1="#" ind2="#">
   <subfield code="a">Thực hành</subfield>
  </datafield>
  <datafield tag="653" ind1="#" ind2="#">
   <subfield code="a">Lý thuyết</subfield>
  </datafield>
  <datafield tag="653" ind1="#" ind2="#">
   <subfield code="a">Luyện tập</subfield>
  </datafield>
  <datafield tag="700" ind1="0" ind2="#">
   <subfield code="a">Phạm, Việt Thanh</subfield>
   <subfield code="e">Chủ biên</subfield>
  </datafield>
  <datafield tag="700" ind1="1" ind2="#">
   <subfield code="a">Nguyễn, Quang Sơn</subfield>
  </datafield>
  <datafield tag="700" ind1="1" ind2="#">
   <subfield code="a">Tiêu, Thanh Sang</subfield>
  </datafield>
  <datafield tag="700" ind1="1" ind2="#">
   <subfield code="a">Nguyễn, Quang Vinh</subfield>
  </datafield>
  <datafield tag="852" ind1="#" ind2="#">
   <subfield code="j">KD.0026659</subfield>
   <subfield code="j">KGT.0058920</subfield>
   <subfield code="j">KGT.0058921</subfield>
   <subfield code="j">KGT.0058922</subfield>
   <subfield code="j">KGT.0058923</subfield>
   <subfield code="j">KGT.0058924</subfield>
   <subfield code="j">KGT.0058925</subfield>
   <subfield code="j">KGT.0058926</subfield>
   <subfield code="j">KGT.0058927</subfield>
   <subfield code="j">KGT.0058928</subfield>
   <subfield code="j">KGT.0058929</subfield>
   <subfield code="j">KGT.0058930</subfield>
   <subfield code="j">KGT.0058931</subfield>
   <subfield code="j">KGT.0058932</subfield>
   <subfield code="j">KGT.0058933</subfield>
   <subfield code="j">KGT.0058934</subfield>
   <subfield code="j">KGT.0058935</subfield>
   <subfield code="j">KGT.0058936</subfield>
   <subfield code="j">KGT.0058937</subfield>
   <subfield code="j">KGT.0058938</subfield>
   <subfield code="j">KGT.0058939</subfield>
   <subfield code="j">KGT.0058940</subfield>
   <subfield code="j">KGT.0058941</subfield>
   <subfield code="j">KGT.0058942</subfield>
   <subfield code="j">KGT.0058943</subfield>
   <subfield code="j">KGT.0058944</subfield>
   <subfield code="j">KGT.0058945</subfield>
   <subfield code="j">KGT.0058946</subfield>
   <subfield code="j">KGT.0058947</subfield>
   <subfield code="j">KGT.0058948</subfield>
   <subfield code="j">KGT.0058949</subfield>
   <subfield code="j">KGT.0058950</subfield>
   <subfield code="j">KGT.0058951</subfield>
   <subfield code="j">KGT.0058952</subfield>
   <subfield code="j">KGT.0058953</subfield>
   <subfield code="j">KGT.0058954</subfield>
   <subfield code="j">KGT.0058955</subfield>
   <subfield code="j">KGT.0058956</subfield>
   <subfield code="j">KGT.0058957</subfield>
   <subfield code="j">KGT.0058958</subfield>
   <subfield code="j">KGT.0058959</subfield>
   <subfield code="j">KGT.0058960</subfield>
   <subfield code="j">KGT.0058961</subfield>
   <subfield code="j">KGT.0058962</subfield>
   <subfield code="j">KGT.0058963</subfield>
   <subfield code="j">KGT.0058964</subfield>
   <subfield code="j">KGT.0058965</subfield>
   <subfield code="j">KGT.0058966</subfield>
   <subfield code="j">KGT.0058967</subfield>
   <subfield code="j">KGT.0058968</subfield>
   <subfield code="j">KGT.0058969</subfield>
   <subfield code="j">KGT.0058970</subfield>
   <subfield code="j">KGT.0058971</subfield>
   <subfield code="j">KGT.0058972</subfield>
   <subfield code="j">KGT.0058973</subfield>
   <subfield code="j">KGT.0058974</subfield>
   <subfield code="j">KGT.0058975</subfield>
   <subfield code="j">KGT.0058976</subfield>
   <subfield code="j">KGT.0058977</subfield>
   <subfield code="j">KGT.0058978</subfield>
   <subfield code="j">KGT.0058979</subfield>
   <subfield code="j">KGT.0058980</subfield>
   <subfield code="j">KGT.0057888</subfield>
   <subfield code="j">KGT.0057890</subfield>
   <subfield code="j">KGT.0057891</subfield>
   <subfield code="j">KGT.0057894</subfield>
   <subfield code="j">KGT.0057896</subfield>
   <subfield code="j">KGT.0057897</subfield>
   <subfield code="j">KGT.0057900</subfield>
   <subfield code="j">KGT.0057901</subfield>
   <subfield code="j">KGT.0057902</subfield>
   <subfield code="j">KGT.0057903</subfield>
   <subfield code="j">KGT.0057904</subfield>
   <subfield code="j">KGT.0057905</subfield>
   <subfield code="j">KGT.0057906</subfield>
   <subfield code="j">KGT.0057907</subfield>
   <subfield code="j">KGT.0057908</subfield>
   <subfield code="j">KGT.0057909</subfield>
   <subfield code="j">KGT.0057910</subfield>
   <subfield code="j">KGT.0057911</subfield>
   <subfield code="j">KGT.0057912</subfield>
   <subfield code="j">KGT.0057913</subfield>
   <subfield code="j">KGT.0057914</subfield>
   <subfield code="j">KGT.0057915</subfield>
   <subfield code="j">KGT.0057916</subfield>
   <subfield code="j">KGT.0057917</subfield>
   <subfield code="j">KGT.0057918</subfield>
   <subfield code="j">KGT.0057919</subfield>
   <subfield code="j">KGT.0057920</subfield>
   <subfield code="j">KGT.0057921</subfield>
   <subfield code="j">KGT.0057922</subfield>
   <subfield code="j">KGT.0057923</subfield>
   <subfield code="j">KGT.0057924</subfield>
   <subfield code="j">KGT.0057925</subfield>
   <subfield code="j">KGT.0057926</subfield>
   <subfield code="j">KGT.0057927</subfield>
   <subfield code="j">KGT.0057928</subfield>
   <subfield code="j">KGT.0057893</subfield>
   <subfield code="j">KGT.0057899</subfield>
  </datafield>
  <datafield tag="910" ind1="#" ind2="#">
   <subfield code="d">2/12/2019</subfield>
  </datafield>
  <datafield tag="980" ind1="#" ind2="#">
   <subfield code="a">Trung tâm Học liệu Lê Vũ Hùng, Trường Đại học Đồng Tháp</subfield>
  </datafield>
 </record>
</collection>
